Statistics for Every YNW Melly Song on the Billboard Hot 100

Click here to take the quiz!

General Stats

  • This quiz has been taken 188 times
    (85 since last reset)
  • The average score is 3 of 5

Answer Stats

#YearSong% Correct
142019Murder On My Mind
97%
202020Suicidal (Juice WRLD)
67%
422019Mixed Personalities ft. Kanye West
52%
342019223's (9lokknine)
38%
6020196 Kiss (Trippie Redd) ft. Juice WRLD
8%

Score Distribution

Percentile by Number Answered

Percent of People with Each Score

Your Score History

You have not taken this quiz since the last reset